[Event "ch-GBR"]
[Site "Edinburgh SCO"]
[Date "2003.07.19"]
[Round "6"]
[White "Moore,G"]
[Black "Adams,D"]
[Result "1-0"]
[WhiteElo "2252"]
[BlackElo "2172"]

1.Nf3 Nf6 2.c4 c6 3.d4 d5 4.Nc3 a6 5.c5 Nbd7 6.Bf4 Nh5 7.e3 Nxf4 8.exf4 g6
9.Bd3 Bg7 10.O-O Nf8 11.Qd2 Qc7 12.g3 Bg4 13.Ne5 h5 14.Rfe1 Ne6 15.Bf1 g5
16.fxg5 Bxe5 17.Rxe5 Nxc5 18.Rae1 Ne6 19.g6 Nd8 20.Qg5 Be6 21.gxf7+ Nxf7
22.Qg7 Bg4 23.h3 Bc8 24.Bd3 Bxh3 25.Bg6 Rf8 26.Rxh5 O-O-O 27.Bxf7 e5 28.Rxh3 Rxf7
29.Qxe5 Qb6 30.Rh8 Rd7 31.Na4 Qb4 32.Rxd8+ Rxd8 33.Nc5  1-0

[Event "18th Touraine Open"]
[Site "Avoine FRA"]
[Date "2003.07.21"]
[Round "3"]
[White "Tihonov,J"]
[Black "Bouchet,N"]
[Result "1/2-1/2"]
[WhiteElo "2382"]
[BlackElo "2260"]

1.d4 d5 2.c4 c6 3.Nf3 Nf6 4.Nc3 a6 5.e3 Nbd7 6.Qc2 e6 7.Bd2 Be7 8.Bd3 dxc4
9.Bxc4 c5 10.dxc5 Nxc5 11.a4 a5 12.e4 Na6 13.O-O O-O 14.Rfd1 Nb4 15.Qb3 Nd7
16.Be3 Qc7 17.Nb5 Qb8 18.Bd4 b6 19.Qc3 Bf6 20.Bxf6 Nxf6 21.e5 Ne4 22.Qe3 Nc5
23.Rd6 Nc2 24.Qd2 Nxa1 25.Qd1 Ba6 26.Qxa1 Bxb5 27.Bxb5 Qc7 28.Nd2 Rad8 29.Nc4 Rxd6
30.exd6 Qb7 31.Qd1 Rd8 32.h3 Ne4 33.d7 Qc7 34.Qh5 Nf6 35.Qh4 Nxd7 36.Qe7 Rc8
37.Bxd7 Qxc4 38.Bxc8 Qxc8 39.Qd6 h6 40.Qxb6 Qc1+ 41.Kh2 Qf4+ 42.g3 Qxa4 43.Qd8+ Kh7
44.Qd3+ Kg8 45.Qd8+ Kh7 46.Qd3+ f5 47.Qc3 Qb4 48.Qe5 Qb6 49.Kg2 a4 50.h4 Qb3
51.Kh2 Qd5 52.Qf4 Qe4 53.Qd2 e5 54.Qd1 f4 55.Qd2 fxg3+ 56.fxg3 Qd4 57.Qe2 e4
58.Qc2 Kg6 59.Qc6+ Kf5 60.Qc8+ Ke5 61.Qe8+ Kd5 62.Qd7+ Kc5 63.Qa7+ Kd5  1/2-1/2

[Event "TCh-Europe u18"]
[Site "Balatonlelle HUN"]
[Date "2003.07.22"]
[Round "4"]
[White "Berczes,D"]
[Black "Erdos,V"]
[Result "1/2-1/2"]
[WhiteElo "2393"]
[BlackElo "2420"]

1.d4 d5 2.c4 c6 3.Nf3 Nf6 4.Nc3 a6 5.cxd5 cxd5 6.Bg5 Ne4 7.Bh4 Qa5 8.e3 Nxc3
9.Qd2 Bf5 10.bxc3 e6 11.Bd3 Bxd3 12.Qxd3 Nd7 13.O-O Rc8 14.e4 Bd6 15.exd5 Qxd5
16.Nd2 Ne5 17.Qe4 Nc4 18.Nxc4 Rxc4 19.Qxd5 exd5 20.Rfb1 b5 21.Bg3 Bxg3 22.hxg3 O-O
23.a4 bxa4  1/2-1/2

[Event "Quebec Open"]
[Site "Montreal CAN"]
[Date "2003.07.22"]
[Round "7"]
[White "Bolduc,S"]
[Black "Gilman,A"]
[Result "1/2-1/2"]
[WhiteElo "2259"]
[BlackElo "2237"]

1.d4 d5 2.c4 c6 3.Nf3 Nf6 4.Nc3 a6 5.c5 Bg4 6.Bf4 Bxf3 7.exf3 Nbd7 8.Be2 g6
9.Bg3 Bg7 10.O-O O-O 11.b4 Nh5 12.f4 Ndf6 13.Bd3 Qd7 14.Ne2 Nxg3 15.hxg3 Ne8
16.Qd2 Nc7 17.a4 Ne6 18.Qe3 Nc7 19.Rab1 Rfb8 20.Rfc1 b5 21.cxb6 Rxb6 22.Qd2 Ne6
23.Qc3 Nd8 24.Kf1  1/2-1/2

[Event "KB Czech Open"]
[Site "Pardubice CZE"]
[Date "2003.07.23"]
[Round "6"]
[White "Postny,E"]
[Black "Onoprienko,V"]
[Result "1-0"]
[WhiteElo "2499"]
[BlackElo "2403"]

1.d4 d5 2.c4 c6 3.Nf3 Nf6 4.Nc3 a6 5.c5 Nbd7 6.Bf4 Nh5 7.e3 g6 8.Bd3 Nxf4
9.exf4 Bh6 10.g3 b6 11.b4 bxc5 12.bxc5 O-O 13.O-O Bg7 14.Qc2 e6 15.h4 h5
16.Rab1 a5 17.Na4 Ba6 18.Bxa6 Rxa6 19.Rb7 Ra8 20.Nb6 Nxb6 21.cxb6 Qd6 22.Qc5 Qxc5
23.dxc5 Bc3 24.Rc1 d4 25.Rc7 a4 26.Ne5 Ra5 27.Nxc6 Rb5 28.b7 Kg7 29.Ne5 Bd2
30.Rc4 Ba5 31.Rd7  1-0

[Event "KB Czech Open"]
[Site "Pardubice CZE"]
[Date "2003.07.24"]
[Round "7"]
[White "Babula,V"]
[Black "Neuman,P"]
[Result "1-0"]
[WhiteElo "2550"]
[BlackElo "2438"]

1.d4 d5 2.c4 c6 3.Nf3 Nf6 4.Nc3 a6 5.c5 Nbd7 6.Bf4 Nh5 7.e3 Nxf4 8.exf4 g6
9.Bd3 Bg7 10.O-O O-O 11.Re1 Qc7 12.g3 b6 13.cxb6 Nxb6 14.Qb3 e6 15.Rac1 Bd7
16.Ne5 Rfb8 17.Qd1 Be8 18.h4 Qd6 19.a3 c5 20.dxc5 Qxc5 21.Qe2 Qa5 22.Na2 Bb5
23.Nxf7 Rf8 24.Ng5 Bxd3 25.Qxd3 Bxb2 26.Rxe6 Rfe8 27.Rxg6+ hxg6 28.Qxg6+ Bg7
29.Qf7+ Kh8 30.Rc7  1-0

[Event "Summer"]
[Site "Tel Aviv ISR"]
[Date "2003.07.25"]
[Round "6"]
[White "Bykhovsky,Av"]
[Black "Drozdov,Alexandre"]
[Result "1-0"]
[WhiteElo "2452"]
[BlackElo "2313"]

1.d4 d5 2.c4 c6 3.Nf3 Nf6 4.Nc3 a6 5.c5 Nbd7 6.Bf4 Nh5 7.Be3 g6 8.g4 Nhf6
9.h3 Bg7 10.Bg2 O-O 11.O-O Ne8 12.Bf4 f6 13.e4 e5 14.dxe5 fxe5 15.Bg5 Bf6
16.Bxf6 Qxf6 17.exd5 Nxc5 18.dxc6 bxc6 19.Qe2 Nd7 20.Rae1 Rb8 21.b3 Ng7 22.Nxe5 h5
23.Qc4+ Kh7 24.Nxc6 hxg4 25.Nd5 Qd6 26.hxg4 Rb5 27.Re7 Nf6 28.Nxf6+ Rxf6
29.Qd4 Rc5 30.Qxd6 Rxd6 31.Ne5 Re6 32.Rxe6 Nxe6 33.Nd3 Rc2 34.Rc1 Rxc1+ 35.Nxc1 Kh6
36.Kh2 g5 37.Kg3 Kg6 38.Be4+ Kf6 39.Bf5 Ke5 40.Nd3+ Kd4 41.Nb4 Kc5 42.Nd3+ Kd4
43.f4 a5 44.fxg5 Ng7 45.Bxc8 Kxd3 46.g6  1-0

[Event "16th Open"]
[Site "Kiel GER"]
[Date "2003.07.28"]
[Round "5"]
[White "Farago,I"]
[Black "Foisor,C"]
[Result "1/2-1/2"]
[WhiteElo "2465"]
[BlackElo "2364"]

1.d4 d5 2.c4 c6 3.Nf3 Nf6 4.Nc3 a6 5.c5 Nbd7 6.Bf4 Nh5 7.e3 g6 8.Bd3 Bg7
9.O-O O-O 10.Bg5 Re8 11.e4 dxe4 12.Bxe4 Nhf6 13.Bc2 Nf8 14.Bb3 Be6 15.Re1 Nd5
16.Nxd5 Bxd5 17.Bxd5 Qxd5 18.Rxe7 Rxe7 19.Bxe7 Ne6 20.Bd6 Nxd4 21.Nxd4 Bxd4
22.Qd2 b6 23.Rc1 a5 24.h3 a4 25.Qb4 bxc5  1/2-1/2

[Event "8th Open"]
[Site "Creon FRA"]
[Date "2003.07.29"]
[Round "2"]
[White "Darrigues,A"]
[Black "Piankov,E"]
[Result "0-1"]
[WhiteElo "2069"]
[BlackElo "2369"]

1.d4 d5 2.c4 c6 3.Nf3 Nf6 4.Nc3 a6 5.e3 Bg4 6.Bd3 Nbd7 7.cxd5 cxd5 8.O-O b5
9.a4 b4 10.Ne2 Bxf3 11.gxf3 e6 12.a5 Bd6 13.Bd2 O-O 14.Qa4 Qe7 15.Rac1 Nb8
16.Rc2 e5 17.dxe5 Qxe5 18.f4 Qe7 19.Nd4 g6 20.Rfc1 Nfd7 21.Nc6 Qh4 22.Bxb4 Bxb4
23.Nxb4 Nf6 24.Be2 Ng4 25.Bxg4 Qxg4+ 26.Kf1 Qf3 27.Rc7 d4 28.Qd1 Qh3+ 29.Ke1 dxe3
30.Nd5 exf2+ 31.Kxf2 Qxh2+ 32.Kf1 Qxb2 33.Qd3 Ra7 34.Ne7+ Kg7 35.f5 Rxc7
36.Rxc7 Qe5 37.Qc3 Qxc3 38.Rxc3 Rd8 39.Rc7 Rd7 40.Rxd7 Nxd7 41.fxg6 hxg6
42.Nc6 Kf6  0-1

[Event "Summer"]
[Site "Tel Aviv ISR"]
[Date "2003.07.29"]
[Round "9"]
[White "Kaganskiy,G"]
[Black "Drozdov,Alexandre"]
[Result "1/2-1/2"]
[WhiteElo "2393"]
[BlackElo "2313"]

1.d4 d5 2.c4 c6 3.Nf3 Nf6 4.Nc3 a6 5.e3 b5 6.b3 Bg4 7.Be2 Nbd7 8.h3 Bh5 9.O-O e6
10.Bb2 Be7 11.Rc1 O-O 12.Ne5 Bxe2 13.Qxe2 Nxe5 14.dxe5 Nd7 15.cxd5 cxd5 16.f4 Qb6
17.Kh1 Rfc8 18.e4 d4 19.Nb1 Rxc1 20.Rxc1 Rd8 21.Qf3 Nc5 22.Rd1 d3 23.Nd2 h6
24.a3 b4 25.a4 a5 26.Rc1 Rd7  1/2-1/2

[Event "8th Open"]
[Site "Creon FRA"]
[Date "2003.07.30"]
[Round "4"]
[White "Gladyszev,O"]
[Black "Prie,E"]
[Result "1/2-1/2"]
[WhiteElo "2455"]
[BlackElo "2435"]

1.d4 d5 2.c4 c6 3.Nf3 Nf6 4.Nc3 a6 5.a4 e6 6.Bg5 a5 7.e3 Be7 8.Bd3 Na6 9.Rc1 Nb4
10.Bb1 b6 11.b3 Ba6 12.Qe2 O-O 13.O-O Ne4 14.Bxe4 Bxg5 15.Nxg5 Qxg5 16.f4 Qe7
17.Bb1 c5 18.Nb5  1/2-1/2

[Event "Summer"]
[Site "Tel Aviv ISR"]
[Date "2003.07.30"]
[Round "10"]
[White "Bykhovsky,Av"]
[Black "Deutsch,E"]
[Result "1-0"]
[WhiteElo "2452"]
[BlackElo "2348"]

1.d4 d5 2.c4 c6 3.Nf3 Nf6 4.Nc3 a6 5.c5 Nbd7 6.Bf4 Nh5 7.Be3 g6 8.g3 Bg7
9.Bg2 O-O 10.O-O Re8 11.Qd2 e5 12.Nxe5 Nxe5 13.dxe5 Bxe5 14.Bd4 Bxd4 15.Qxd4 Qf6
16.Rad1 Qxd4 17.Rxd4 Ng7 18.e4 Ne6 19.Rd2 Nxc5 20.exd5 Rd8 21.b4 Ne6 22.Rfd1 cxd5
23.Nxd5 Kf8 24.Nb6 Rxd2 25.Rxd2  1-0

[Event "ITT"]
[Site "Vicente Lopez ARG"]
[Date "2003.07.31"]
[Round "8"]
[White "Della Morte,P"]
[Black "Granara Barreto,S"]
[Result "0-1"]
[WhiteElo "2318"]
[BlackElo "2248"]

1.d4 d5 2.Nf3 Nf6 3.c4 c6 4.Nc3 a6 5.c5 Bf5 6.Bf4 Nbd7 7.e3 e6 8.Be2 Be7
9.Qb3 Qc8 10.h3 h6 11.Na4 Bd8 12.O-O O-O 13.Rac1 Bc7 14.Ne5 Nxe5 15.dxe5 Nd7
16.Qc3 Qb8 17.g4 Bh7 18.Bg3 f6 19.f4 fxe5 20.fxe5 Rxf1+ 21.Rxf1 Bxe5 22.Bxe5 Qxe5
23.Qxe5 Nxe5 24.Nb6 Rd8 25.Rd1 Nd7 26.b4 Nxb6 27.cxb6 Bc2 28.Rd2 Ba4 29.e4 Bb5
30.Bf3 Kf7 31.Kf2 Ke7 32.Ke3 Bc4 33.a4 e5 34.exd5 cxd5 35.h4 e4 36.Bd1 Rf8
37.Kd4 Kd6 38.a5 Rf1 39.Bc2 Re1 40.Rg2 e3 41.Kc3 e2 42.Kd2 Rc1 43.Rxe2 Rxc2+  0-1

[Event "Valoz Cup"]
[Site "Olomouc CZE"]
[Date "2003.08.01"]
[Round "3"]
[White "Chytilek,R"]
[Black "Obsivac,J"]
[Result "1-0"]
[WhiteElo "2406"]
[BlackElo "2356"]

1.d4 d5 2.c4 c6 3.Nf3 Nf6 4.Nc3 a6 5.a4 e6 6.Bg5 Bb4 7.Qb3 Qa5 8.Bxf6 gxf6
9.e3 Be7 10.Bd3 b5 11.c5 Nd7 12.O-O b4 13.Ne2 f5 14.Qc2 h5 15.Nc1 Rg8 16.Qd2 Rb8
17.Nb3 Qc7 18.a5 Nf6 19.Ne5 Ne4 20.Qe2 f6 21.Qxh5+ Kd8 22.Qh7 Rf8 23.Ng6 Re8
24.Bxe4 fxe4 25.f3 e5 26.fxe4 Be6 27.Nxe7 Qxe7 28.Qxe7+ Kxe7 29.Nd2 Rh8 30.Rf2 Rh5
31.Raf1 Rbh8 32.h3 R8h6 33.exd5 Bxd5 34.Nf3 Rg6 35.Kh2 exd4 36.Nxd4 Be4 37.Rc1 Rgg5
38.Rc4 Rxc5 39.Rxb4 f5 40.Rb6 Rxa5 41.Nxc6+ Bxc6 42.Rxc6 Ra4 43.Rf4  1-0

[Event "FSGM August"]
[Site "Budapest HUN"]
[Date "2003.08.05"]
[Round "4"]
[White "Woodward,T"]
[Black "Braun,A"]
[Result "1-0"]
[WhiteElo "2285"]
[BlackElo "2366"]

1.d4 d5 2.c4 c6 3.Nf3 Nf6 4.Nc3 a6 5.e3 b5 6.b3 Bg4 7.h3 Bxf3 8.gxf3 e6 9.c5 e5
10.dxe5 Nfd7 11.Nxd5 cxd5 12.Qxd5 Bxc5 13.Bxb5 O-O 14.Qxa8 Qa5+ 15.Bd2 Bb4
16.Qd5 Bxd2+ 17.Qxd2 Qxb5 18.Qe2 Qa5+ 19.Kf1 Qxe5 20.Kg2 Re8 21.Rac1 Qh5
22.Rc2 Ne5 23.Rhc1 Qf5 24.f4 Ng6 25.Qg4 Qd5+ 26.Kh2 f5 27.Qg2 Qe6 28.Rc7 Ne7
29.Qb7 Kf8 30.R1c5 Qf6 31.b4 g6 32.a4 Rd8 33.b5 axb5 34.axb5 Qd6 35.Rc1 Qd2
36.R1c2 Qd6 37.Ra2 Nd7 38.Ra7 Nc5 39.Qg2 Re8 40.Qg5 Ne4 41.Qh6+ Kg8 42.Rxe7 Rxe7
43.Ra8+ Kf7 44.Qxh7+ Ke6 45.Qg8+  1-0

[Event "10th Summer Open"]
[Site "Nice FRA"]
[Date "2003.08.05"]
[Round "2"]
[White "Genov,Peta"]
[Black "Bucher,D"]
[Result "1-0"]
[WhiteElo "2501"]
[BlackElo "2351"]

1.d4 d5 2.c4 c6 3.Nc3 Nf6 4.Nf3 a6 5.a4 e6 6.Bg5 a5 7.e3 Be7 8.Be2 h6 9.Bh4 Na6
10.O-O O-O 11.Ne5 Nd7 12.Bxe7 Qxe7 13.f4 Nb4 14.e4 c5 15.Rc1 Nxe5 16.fxe5 cxd4
17.Qxd4 Nc6 18.Qb6 dxc4 19.Bxc4 Nxe5 20.Bb5 Qb4 21.Qc7 Qd4+ 22.Kh1 Ng4 23.Qg3 e5
24.h3 Ne3 25.Rfe1 Nxg2 26.Qxg2 Qd8 27.Re3 Qh4 28.Rg1 g6 29.Bc4 Kh8 30.Rf3 Bd7
31.Bxf7 g5 32.Qg3 Qxg3 33.Rgxg3 Kh7 34.Bh5 Rf4 35.Nd5 Bc6 36.Kh2 Bxa4 37.Rxf4 exf4
38.Rg1 Rd8 39.Nc7 Bc6 40.e5 Rd3 41.Re1  1-0

[Event "10th Summer Open"]
[Site "Nice FRA"]
[Date "2003.08.05"]
[Round "3"]
[White "Tupet,G"]
[Black "Dableo,R"]
[Result "0-1"]
[WhiteElo "2062"]
[BlackElo "2305"]

1.d4 d5 2.Nf3 Nf6 3.c4 c6 4.Nc3 a6 5.a4 a5 6.e3 e6 7.Bd3 Na6 8.Qe2 Nb4 9.Bb1 b6
10.b3 Bd6 11.O-O O-O 12.e4 Be7 13.Rd1 Ba6 14.Ne5 Nd7 15.Bf4 Nxe5 16.Bxe5 Bf6
17.Bxf6 Qxf6 18.e5 Qh6 19.Bd3 Rfd8 20.g3 Rd7 21.Rd2 Rad8 22.Rad1 Nxd3 23.Qxd3 Qg5
24.Ne2 Qe7 25.Qc3 Qb4 26.Qxb4 axb4 27.c5 bxc5 28.dxc5 Bxe2 29.Rxe2 d4 30.Red2 f6
31.f4 Kf7 32.Rc1 Rd5 33.exf6 gxf6 34.Rc4 e5 35.Rxb4 Rxc5 36.Kf2 Ke6 37.Rb7 e4
38.Ke2 e3 39.Rd1 Rc2+ 40.Kd3 Rxh2 41.a5 Ra2 42.b4 h5 43.Ke4 Rd2 44.f5+ Kd6
45.Ra1 Re8+ 46.Kf3 Rf2+  0-1

[Event "ch-SLO w"]
[Site "Bled SLO"]
[Date "2003.08.06"]
[Round "5"]
[White "Marusic,N"]
[Black "Mar,K"]
[Result "0-1"]
[WhiteElo "1981"]
[BlackElo "2203"]

1.d4 d5 2.Nf3 Nf6 3.c4 c6 4.Nc3 a6 5.a4 g6 6.cxd5 cxd5 7.g3 Bg7 8.Bg2 O-O
9.Ne5 e6 10.O-O Nbd7 11.f4 Qc7 12.a5 b6 13.e4 dxe4 14.Nxe4 Nxe4 15.Bxe4 Bb7
16.Bxb7 Qxb7 17.Be3 Nf6 18.Qe2 b5 19.Rfc1 Rac8 20.Qf3 Nd5 21.Nd3 Qd7 22.Ne5 Qa7
23.Bf2 Rc7 24.Qd1 Rfc8 25.Rc5 Bf8 26.Rxc7 Qxc7 27.Nd3 Rd8 28.Qc1 Qd6 29.Qc2 Ne7
30.Qc5 Qb8 31.Qb6 Nd5 32.Qxb8 Rxb8 33.Rc1 Nb4 34.Ne5 Rd8 35.Nc6 Nxc6 36.Rxc6 Rd6
37.Rxd6 Bxd6 38.Kf1 Kf8 39.Ke2 Ke7 40.Be1 Kd7 41.Kd3 Kc6 42.Ke4 b4 43.Kd3 Kb5
44.b3 Bc7 45.Bd2 f5 46.d5 exd5 47.Kd4 Bxa5 48.Kxd5 Bb6 49.h3 a5 50.g4 fxg4
51.hxg4 a4 52.bxa4+ Kxa4 53.f5 gxf5 54.gxf5 b3 55.Bc1 h5 56.f6 Bd8 57.Bb2 h4
58.Ke4 h3 59.Kf3 h2 60.Kg2 Bc7 61.f7 Bd6 62.f8=Q Bxf8 63.Kxh2 Ba3 64.Bf6 Bc1
65.Kg2 Ka3 66.Kf2 Bb2 67.Bg5 Bd4+  0-1

[Event "WYol u16"]
[Site "Denizli TUR"]
[Date "2003.08.06"]
[Round "5"]
[White "Mankeyev,R"]
[Black "Tanrikulu,E"]
[Result "0-1"]
[WhiteElo "2037"]
[BlackElo "2043"]

1.d4 d5 2.c4 c6 3.Nf3 Nf6 4.Nc3 a6 5.c5 Bf5 6.Qb3 Qc8 7.h3 h6 8.Bf4 Nbd7
9.e3 e6 10.Be2 Be7 11.Na4 O-O 12.O-O Re8 13.Rac1 Bd8 14.Rfd1 Bc7 15.Ne5 Qb8
16.Nb6 Nxb6 17.cxb6 Bd6 18.a4 a5 19.g4 Bh7 20.Kg2 Qd8 21.f3 Qe7 22.h4 Nd7
23.Nxd7 Qxd7 24.Bxd6 Qxd6 25.Rc5 Qd8 26.Kg3 e5 27.Rc3 Qd6 28.Qa3 Qb8 29.Kh3 h5
30.g5 Bf5+ 31.Kg2 e4 32.f4 Qc8 33.Rg1 Bg4 34.Bf1 Bh3+ 35.Kf2 Bxf1 36.Rxf1 Qh3
37.Ke2 Qxh4 38.Kd1 Qg4+ 39.Kc1 Ra6 40.Qc5 Qe2 41.Rd1 h4 42.g6 fxg6 43.Rb3 h3
44.Qc2 Qxc2+ 45.Kxc2 Kf7 46.Ra3 Rxb6 47.Raa1 Rh8 48.Rh1 h2 49.Rae1 Rb4 50.Re2 Rxa4
51.Rexh2 Rxh2+ 52.Rxh2 g5 53.fxg5 Kg6 54.Rg2 Rc4+ 55.Kd2 c5 56.b3 Rb4 57.dxc5 Rxb3
58.Rg1 Rb5 59.Kc3 Rxc5+ 60.Kd4 Rb5 61.Rg2 Rb3 62.Kxd5 Rxe3 63.Rb2 Re1 64.Rxb7 e3
65.Kd4 a4 66.Ra7 a3 67.Rxa3 Kxg5 68.Ke4 Kg4 69.Ra2 Kg3 70.Ra5 Kf2 71.Ra2+ e2
72.Ra7  0-1

[Event "FSGM August"]
[Site "Budapest HUN"]
[Date "2003.08.07"]
[Round "6"]
[White "Ovsejevitsch,S"]
[Black "Braun,A"]
[Result "1-0"]
[WhiteElo "2497"]
[BlackElo "2366"]

1.d4 d5 2.c4 c6 3.Nf3 Nf6 4.Nc3 a6 5.e3 b5 6.b3 Bg4 7.Be2 Nbd7 8.O-O e6 9.Bb2 Bd6
10.h3 Bh5 11.Ne5 Bxe2 12.Nxe2 Qc7 13.cxd5 cxd5 14.Rc1 Qb8 15.Nxd7 Kxd7 16.f3 Qb7
17.Nf4 Bxf4 18.exf4 Rac8 19.Rc5 Qb8 20.Qd2 g6 21.Ba3 Rhe8 22.Rfc1 Ng8 23.f5 gxf5
24.Qg5 Rxc5 25.Bxc5 Ne7 26.Rc2 h5 27.Qxh5 Qf4 28.Qxf7 Qe3+ 29.Kh2 Qd3 30.Bxe7 Rxe7
31.Rc7+ Kxc7 32.Qxe7+ Kb8 33.Qf8+ Kb7 34.Qg7+ Kb8 35.Qg8+ Kb7 36.Qg7+ Kb6
37.Qe5 Ka5 38.Qe1+ b4 39.Qe5 Kb5 40.Qb8+ Kc6 41.Qc8+ Kd6 42.Qc5+ Kd7 43.Qxb4  1-0

[Event "North Ural Cup"]
[Site "Krasnoturinsk RUS"]
[Date "2003.08.11"]
[Round "3"]
[White "Kursova,M"]
[Black "Stefanova,A"]
[Result "0-1"]
[WhiteElo "2264"]
[BlackElo "2503"]

1.d4 d5 2.Nf3 c6 3.c4 Nf6 4.Nc3 a6 5.a4 e6 6.Bg5 a5 7.e3 Be7 8.Bd3 Na6 9.O-O Nb4
10.Rc1 b6 11.b3 O-O 12.Bb1 Ba6 13.Qe2 c5 14.Nb5 Ne4 15.Bf4 Rc8 16.Rfd1 f5
17.Ne1 Nd6 18.dxc5 bxc5 19.Nd3 Nxb5 20.axb5 Bb7 21.Be5 Bf6 22.Qb2 Qe7 23.Nf4 Ra8
24.Nh5 Bxe5 25.Qxe5 dxc4 26.bxc4 a4 27.e4 a3 28.exf5 a2 29.Be4 Bxe4 30.Qxe4 Qg5
31.Nf4 exf5 32.Qe5 Qf6 33.Qe6+ Rf7 34.Qxf6 gxf6 35.Ne6 Nc2 36.Rd8+ Rxd8 37.Nxd8 Rd7  0-1

[Event "North Ural Cup"]
[Site "Krasnoturinsk RUS"]
[Date "2003.08.12"]
[Round "4"]
[White "Kursova,M"]
[Black "Kovalevskaya,E"]
[Result "1/2-1/2"]
[WhiteElo "2264"]
[BlackElo "2443"]

1.d4 d5 2.Nf3 Nf6 3.c4 c6 4.Nc3 a6 5.a4 e6 6.Bg5 Nbd7 7.a5 dxc4 8.e3 b5 9.axb6 Qxb6
10.Qc1 c5 11.Bxc4 Bb7 12.O-O Bxf3 13.gxf3 cxd4 14.exd4 Bd6 15.d5 e5 16.Ne4 Nxe4
17.fxe4 O-O 18.Kh1 f5 19.Be3 Qb7 20.f3 f4 21.Bf2 Rfc8 22.Qc2 a5 23.Qe2 Rcb8
24.b3 Kh8 25.Rfd1 Nf6 26.Qf1  1/2-1/2

[Event "ADCF Masters"]
[Site "Abu Dhabi UAE"]
[Date "2003.08.18"]
[Round "3"]
[White "Gagunashvili,M"]
[Black "El Gindy,E"]
[Result "1/2-1/2"]
[WhiteElo "2577"]
[BlackElo "2498"]

1.d4 d5 2.c4 c6 3.Nf3 Nf6 4.Nc3 a6 5.a4 e6 6.Bg5 Nbd7 7.a5 h6 8.Bxf6 Nxf6
9.c5 g6 10.g3 Bg7 11.Bg2 O-O 12.O-O Nd7 13.e4 dxe4 14.Nxe4 e5 15.Qc2 f5 16.Nd6 e4
17.Nd2 Nf6 18.f3 Ne8 19.Qc4+ Kh7 20.fxe4 Nxd6 21.cxd6 Qxd6 22.e5 Qe7 23.Qc3 Be6
24.Rad1 Rad8 25.Rfe1 h5 26.Nc4 Bh6 27.Nd6 Rd7 28.Qd3 Rfd8 29.d5 cxd5 30.Bxd5 Bg7
31.Qb3 Bxd5 32.Qxd5 Bxe5 33.Rxe5 Qxd6 34.Qxd6 Rxd6 35.Re7+ Kh6 36.Rxd6 Rxd6
37.Rxb7 h4 38.gxh4 Rd2 39.h3 Rc2 40.Kf1 Rh2 41.Rb6 Kh5 42.Rxa6 Rxb2 43.Rb6 Ra2
44.a6 Kxh4 45.Rxg6 Kxh3 46.Ke1 f4 47.Kf1 Kh4 48.Kg1 Kh5 49.Rg8 Rxa6 50.Kf2  1/2-1/2

[Event "ADCF Masters"]
[Site "Abu Dhabi UAE"]
[Date "2003.08.18"]
[Round "3"]
[White "Ahmed,Es"]
[Black "Svetushkin,D"]
[Result "1-0"]
[WhiteElo "2403"]
[BlackElo "2571"]

1.d4 d5 2.Nf3 Nf6 3.c4 c6 4.Nc3 a6 5.cxd5 cxd5 6.Bg5 Ne4 7.Bf4 Nc6 8.e3 Nxc3
9.bxc3 g6 10.Ne5 Na5 11.h4 h6 12.Qa4+ b5 13.Bxb5+ axb5 14.Qxb5+ Bd7 15.Qxd5 Be6
16.Qb5+ Bd7 17.Qd5 e6 18.Qf3 Qc8 19.O-O Bg7 20.Nxd7 Kxd7 21.Bb8 Rxb8 22.Qxf7+ Kd6
23.Qxg7 Nc4 24.Rab1 Qd7 25.Qxg6 Rbg8 26.Qh5 Qc6 27.d5 exd5 28.e4 dxe4 29.Rfd1+ Ke6
30.Rb5 e3 31.Qf5+ Ke7 32.Rbd5 exf2+ 33.Qxf2 Nd6 34.Re1+ Kd7 35.Qa7+ Kd8 36.Red1 Ke8
37.Re5+ Kd8 38.Red5 Ke8 39.Re1+ Kd8 40.Qe7+ Kc8 41.Qxd6 Qxd6 42.Rxd6 Rg4
43.Rd4 Rg3 44.Rc4+ Kd7 45.Re2 Kd6 46.Rd2+ Ke5 47.Rc5+ Ke6 48.Kh2 Re3 49.Rc6+ Ke5
50.Rdd6 Rxc3 51.Rxh6 Rxh6 52.Rxh6 Kf5 53.Ra6 Kg4 54.Ra4+ Kh5 55.g3  1-0

[Event "Jezero Open"]
[Site "Belgrade YUG"]
[Date "2003.08.18"]
[Round "5"]
[White "Lapcevic,M"]
[Black "Zmijanac,D"]
[Result "0-1"]
[WhiteElo "2119"]
[BlackElo "2258"]

1.d4 d5 2.c4 c6 3.Nf3 Nf6 4.Nc3 a6 5.cxd5 cxd5 6.Qb3 Nc6 7.Bg5 Na5 8.Qc2 b5
9.Bxf6 exf6 10.a3 f5 11.g3 Be6 12.Bg2 Rc8 13.O-O Be7 14.Ne5 O-O 15.b4 Nc4
16.Nd3 Nd6 17.Nc5 Ne4 18.e3 h5 19.f4 h4 20.N3xe4 dxe4 21.Rfc1 Bxc5 22.bxc5 Bd5
23.Qd2 Rc6 24.Kf2 g5 25.Rh1 gxf4 26.exf4 h3 27.Bxh3 e3+ 28.Qxe3 Bxh1 29.Rxh1 Re8
30.Qd3 Rxc5 31.Bxf5 Qd5 32.Qd1 Qa2+ 33.Kf1 Rc3 34.h4 Ree3 35.Bg4 Qxa3 36.Kf2 Qb2+
37.Be2 Rxe2+ 38.Qxe2 Rc2  0-1

[Event "Open"]
[Site "Vienna AUT"]
[Date "2003.08.21"]
[Round "6"]
[White "Zoebisch,H"]
[Black "Ganaus,H"]
[Result "0-1"]
[WhiteElo "2203"]
[BlackElo "2348"]

1.d4 d5 2.c4 c6 3.Nf3 Nf6 4.Nc3 a6 5.e3 Bg4 6.Be2 e6 7.b3 Bb4 8.Bd2 Nbd7
9.a3 Bd6 10.h3 Bh5 11.c5 Bc7 12.b4 O-O 13.g4 Bg6 14.Nh4 Ne4 15.Nxg6 Nxf2
16.Kxf2 fxg6+ 17.Kg1 e5 18.dxe5 Bxe5 19.Be1 Qe7 20.Rc1 Rae8 21.Kg2 Bf6 22.Rf1 Bg5
23.Bd2 a5 24.Qc2 axb4 25.axb4 Qe5 26.Bd3 Bh4 27.Ne2 Nf6 28.Rf3 Ne4 29.Rcf1 Rxf3
30.Rxf3 Ng5 31.Rf1 Ra8 32.Qc3 Qe7 33.Bb1 Ne4 34.Qd3 Rf8 35.Rf4 g5 36.Rxf8+ Qxf8
37.Nf4 gxf4 38.exf4 Qf6 39.Bc2 Qb2 40.g5 h6 41.Kf3 hxg5 42.fxg5 Qe5 43.Bf4 Qf5  0-1

[Event "Open"]
[Site "Porto San Giorgo ITA"]
[Date "2003.08.24"]
[Round "4"]
[White "Farago,I"]
[Black "Djingarova,E"]
[Result "1/2-1/2"]
[WhiteElo "2465"]
[BlackElo "2300"]

1.d4 d5 2.c4 c6 3.Nf3 Nf6 4.Nc3 a6 5.c5 Nbd7 6.Bf4 Nh5 7.e3 g6 8.Bd3 Bg7
9.O-O O-O 10.Bg5 Re8 11.e4 dxe4 12.Bxe4 Nhf6 13.Re1 h6 14.Be3 Ng4 15.Qb3 Nf8
16.Rad1 Nxe3 17.Rxe3 Qc7 18.Bd3 Be6 19.Bc4 Bxc4 20.Qxc4 Rad8 21.Rde1 Rd7
22.Ne5 Bxe5 23.Rxe5 Ne6 24.d5 cxd5 25.Nxd5 Qc6 26.h3 Red8 27.Nb4 Qc7 28.Nd5 Qc6
29.Nb4 Qc7 30.Nd5 Qc6  1/2-1/2

[Event "15th Vidmar mem"]
[Site "Terme Zrece SLO"]
[Date "2003.08.24"]
[Round "7"]
[White "Halkias,S"]
[Black "Sedlak,N"]
[Result "1/2-1/2"]
[WhiteElo "2560"]
[BlackElo "2528"]

1.d4 d5 2.c4 c6 3.Nc3 Nf6 4.Nf3 a6 5.cxd5 cxd5 6.Bg5 Ne4 7.Bh4 Nc6 8.e3 Qa5
9.Qb3 Qb4 10.Qxb4 Nxb4 11.Rc1 Bf5 12.a3 Nxc3 13.Rxc3 Nc6 14.Kd2 f6 15.Bg3 e6
16.Be2 Kd7 17.Rhc1 Bd6 18.b4 Be7 19.Ne1 Rhc8 20.h3 Bd8 21.Bg4 Bxg4 22.hxg4 Ne7
23.Nd3 Rxc3 24.Kxc3 b6 25.Rh1 h6 26.Nf4 Bc7 27.Nh5 Bxg3 28.Nxg3 Rc8+ 29.Kb3 Ke8
30.Nh5 Kf7 31.Nf4 Rc4 32.Nd3 Nc8 33.Nb2 Rc6 34.Re1 Nd6 35.Nd3 Ke7 36.Rd1 Nc4
37.a4 a5 38.Nf4 Nd6 39.Nd3 Rc4 40.bxa5 bxa5 41.Rc1 e5 42.dxe5 fxe5 43.Rd1 Rxg4
44.Nxe5 Rb4+ 45.Ka3 Ke6 46.f4 g5 47.g3 Re4 48.Rh1 Rxe3+ 49.Kb2 gxf4 50.gxf4 Nf5
51.Ng4 Re2+ 52.Kc3 Rg2 53.Nxh6 Rg3+ 54.Kd2 Nd6 55.Rh5 Nc4+ 56.Ke2 d4 57.Kf2 Ra3
58.Ng4 Ra2+ 59.Kf3 d3 60.f5+ Kd6 61.Rh6+ Kc5 62.f6 d2 63.Rh1 Kd6 64.Rf1 Ke6
65.Ke2 Nd6 66.f7 Nxf7 67.Rd1 Rxa4 68.Ne3  1/2-1/2

[Event "Acropolis GM"]
[Site "Athens GRE"]
[Date "2003.08.26"]
[Round "2"]
[White "Johannessen,LE"]
[Black "Tzermiadianos,And"]
[Result "1/2-1/2"]
[WhiteElo "2525"]
[BlackElo "2418"]

1.Nf3 d5 2.d4 Nf6 3.c4 c6 4.Nc3 a6 5.e3 b5 6.b3 Bg4 7.h3 Bxf3 8.gxf3 Nbd7
9.f4 e6 10.c5 Ne4 11.Nxe4 dxe4 12.Bg2 f5 13.f3 exf3 14.Bxf3 Rc8 15.Qd2 Nf6
16.Qg2 Nd5 17.a4 Qf6 18.axb5 axb5 19.Ra7 Be7 20.Bd2 O-O 21.O-O  1/2-1/2

[Event "Acropolis Open"]
[Site "Athens GRE"]
[Date "2003.08.26"]
[Round "2"]
[White "Gershon,A"]
[Black "Ignatiadis,K"]
[Result "1/2-1/2"]
[WhiteElo "2510"]
[BlackElo "2258"]

1.d4 d5 2.Nf3 Nf6 3.c4 c6 4.Nc3 a6 5.a4 e6 6.Bg5 Nbd7 7.cxd5 exd5 8.e3 Be7
9.Qc2 O-O 10.Bd3 Re8 11.O-O g6 12.Rae1 Nf8 13.Ne5 Ne6 14.Bh4 Ng7 15.Qb3 Nd7
16.Bxe7 Rxe7 17.f4 Nf6 18.Be2 Nf5 19.Bf3 Nd6 20.g4 Kg7 21.Qc2 Nfe4 22.Bxe4 Nxe4
23.Nxe4 dxe4 24.g5 Qd5 25.Rc1 Bd7 26.Qf2 Bf5 27.Rc3 Qe6 28.b4 h6 29.Rc5 Rh8
30.d5 cxd5 31.Qb2 Kh7 32.Qd4 hxg5 33.Rxd5 Rhe8 34.fxg5 f6 35.Nc4 fxg5 36.Rd6 Qf7
37.Rf6 Qg7 38.Nd6 Rd8 39.Qb6 Qxf6 40.Qxd8 Qe6 41.Nxf5 gxf5 42.Rxf5 Qxf5 43.Qxe7+ Kh6
44.Qd6+ Kh5 45.Qd4 Qg4+ 46.Kf2 Qf3+ 47.Kg1 Qg4+ 48.Kf2 Qf3+ 49.Kg1  1/2-1/2

[Event "Open"]
[Site "Porto San Giorgo ITA"]
[Date "2003.08.26"]
[Round "6"]
[White "Farago,I"]
[Black "Capuano,E"]
[Result "1-0"]
[WhiteElo "2465"]
[BlackElo "2143"]

1.d4 d5 2.c4 c6 3.Nc3 Nf6 4.Nf3 a6 5.e3 b5 6.b3 Bg4 7.Be2 e6 8.O-O Nbd7 9.h3 Bh5
10.Bb2 Bd6 11.Ne5 Bxe2 12.Nxe2 dxc4 13.bxc4 c5 14.Nxd7 Qxd7 15.d5 Qe7 16.e4 Nxe4
17.Bxg7 Rg8 18.Qd3 Rxg7 19.Qxe4 exd5 20.Qxd5 Rd8 21.Qf3 Kf8 22.Rae1 Qh4 23.cxb5 axb5
24.Nc3 b4 25.Ne4 Rg6 26.Rc1 Kg7 27.Nxd6 Rdxd6 28.Rxc5 Rdf6 29.Qe3 Re6 30.Re5 Rxe5
31.Qxe5+ Qf6 32.Qd5 Qc3 33.g3 Qb2 34.Rd1 Rf6 35.Rd2 Qc1+ 36.Kh2 Qc3 37.h4 h6
38.Re2 Qa1 39.Kg2 Qc3 40.Qb3 Qd4 41.Qb2 Rd6 42.Rd2 Qxb2 43.Rxb2 Rd4 44.Kf3 Kf6
45.Ke3 Ke5 46.f4+ Kd5 47.g4 Rc4 48.Rd2+ Ke6 49.h5 Kf6 50.Rb2 Ke6 51.g5 hxg5
52.fxg5 Rh4 53.h6 Kf5 54.Rg2 Kg6 55.Kd3 f6 56.gxf6+ Kxf6 57.Rc2 Kg6 58.Rc6+ Kh7
59.Kc2 Rh3 60.Rb6 Ra3 61.Kb2 Ra4 62.Kb1 Kh8 63.Rb7 Kg8 64.Kb2 Kh8 65.h7 b3
66.Rb8+ Kxh7 67.axb3 Ra7 68.Rf8 Kg7 69.Rf4 Rc7 70.b4  1-0